Daňové riziká - vybrané problémy

Riadenie rizík je prejavom zodpovednosti človeka. Riziká sa dajú definovať i členiť rôzne, najmä podľa cieľa a východísk. Medzi hlavné finančné riziká štátu i občana i podnikateľského subjektu patrí aj daňové riziko, ktoré možno vnímať v širšom i užšom slova zmysle.

Guardado en:
Detalles Bibliográficos
Autor principal: Burák, Emil
Formato: Capítulo de libro
Lenguaje:eslovaco
Materias:
Etiquetas: Agregar Etiqueta
Sin Etiquetas, Sea el primero en etiquetar este registro!

MARC

LEADER 00000naa a2200000 4500
001 0192617
005 20231204133952.1
041 0 |a slo 
044 |a SK 
245 1 0 |a Daňové riziká - vybrané problémy  |c Emil Burák 
520 |a Riadenie rizík je prejavom zodpovednosti človeka. Riziká sa dajú definovať i členiť rôzne, najmä podľa cieľa a východísk. Medzi hlavné finančné riziká štátu i občana i podnikateľského subjektu patrí aj daňové riziko, ktoré možno vnímať v širšom i užšom slova zmysle. 
610 2 0 |a riziko 
610 2 0 |a riadenie rizík 
610 2 0 |a dane 
610 2 0 |a podnikatelia 
100 1 |a Burák, Emil